Online
Catalog

Nueva narrativa hispanoamericana / (Record no. 40253)

MARC details
000 -CABECERA
campo de control de longitud fija 00593nam a2200181 a 4500
001 - NÚMERO DE CONTROL
campo de control 000040763
005 - FECHA Y HORA DE LA ÚLTIMA TRANSACCIÓN
campo de control 20201002034348.0
008 - DATOS DE LONGITUD FIJA--INFORMACIÓN GENERAL
campo de control de longitud fija 130906s2008 sp 000 0 spa d
020 ## - NÚMERO INTERNACIONAL ESTÁNDAR DEL LIBRO
Número Internacional Estándar del Libro 9788437602783
040 ## - FUENTE DE LA CATALOGACIÓN
Centro catalogador/agencia de origen DO-SdBNP
Lengua de catalogación spa
Centro/agencia transcriptor BNPHU
100 1# - ENTRADA PRINCIPAL--NOMBRE DE PERSONA
Nombre de persona Shaw, Donald L.
9 (RLIN) 67167
245 10 - MENCIÓN DE TÍTULO
Título Nueva narrativa hispanoamericana /
Mención de responsabilidad, etc. Donald L. Shaw.
260 ## - PUBLICACIÓN, DISTRIBUCIÓN, ETC.
Lugar de publicación, distribución, etc. Madrid :
Nombre del editor, distribuidor, etc. Ediciones Cátedra,
Fecha de publicación, distribución, etc. 2008.
300 ## - DESCRIPCIÓN FÍSICA
Extensión 408 p. ;
Dimensiones 22 cm.
500 ## - NOTA GENERAL
Nota general Incluye índice de autores e índice
500 ## - NOTA GENERAL
Nota general Incluye datos biográficos del autor en la cubierta
500 ## - NOTA GENERAL
Nota general Incluye notas al pie de las páginas
Holdings
Estado de retiro Estado de pérdida Restricciones de uso No para préstamo Código de colección Localización permanente Ubicación/localización actual Ubicación en estantería Fecha de adquisición Número de inventario Total de préstamos Signatura topográfica completa Código de barras Fecha visto por última vez Precio válido a partir de Tipo de ítem Koha
        Monografías: Libros y Folletos General General En catalogación 06.09.2013 LF1   40763-10 25.06.2020 25.06.2020 Préstamo en sala

Powered by Koha